000 00550nam a2200229Ia 4500
005 20260320201548.0
008 008 262003s9999 xx 000 0 eng d
037 _aEBOOK
040 _aCRL
040 _beng
040 _cCRL
041 _2eng
041 _aeng
084 _qCRL
100 _aPesaran
_9924640
245 0 _aLithium Ion Batteries in Electric Drive Vehicles
260 _bIEEE
856 _uhttps://ieeexplore.ieee.org/servlet/opac?bknumber=8504375
942 _cEBOOK
999 _c1722031
_d1722031